[Event "Ghent Taminco op 32nd"]
[Site "Ghent"]
[Date "2009.07.20"]
[Round "6"]
[White "Ten Hagen, Yorick"]
[Black "Defre, Walter"]
[Result "1/2-1/2"]
[WhiteElo "2150"]
[BlackElo "1974"]
[PlyCount "60"]
[EventDate "2009.07.18"]
[EventType "swiss"]
[EventRounds "9"]
[EventCountry "BEL"]
[SourceTitle "CBM 131 Extra"]
[Source "ChessBase"]
[SourceDate "2009.09.03"]
[SourceVersion "2"]
[SourceVersionDate "2009.09.16"]
[SourceQuality "1"]

1. d4 d5 2. c4 c6 3. Nf3 Nf6 4. e3 Bg4 5. Qb3 Qb6 6. Nc3 e6 7. Bd2 Nbd7 8. Bd3 Be7 9. 0-0 0-0 10. Rfe1 Bh5 11. Rac1 Rfd8 12. Ne2 Ne4 13. Qc2 Bg6 14. Nf4 Nxd2 15. Nxd2 Bxd3 16. Nxd3 Bf6 17. c5 Qc7 18. f4 Be7 19. b4 a6 20. Nf3 Nf6 21. a4 Ne4 22. Rb1 f6 23. b5 Rdb8 24. bxc6 bxc6 25. Rxb8+ Rxb8 26. Rb1 a5 27. Rb2 Bd8 28. Nf2 Nxf2 29. Kxf2 Qa7 30. g3 Bc7 1/2-1/2